| 000 | 00764nam a22002417a 4500 | ||
|---|---|---|---|
| 005 | 20170124110105.0 | ||
| 010 | _aB-209619 | ||
| 020 |
_c110.00 _a8123741391 |
||
| 035 | _aB-209619 | ||
| 037 | _bCen Lib/Ret | ||
| 040 |
_aDPL _bEN |
||
| 082 |
_a954.61 _bGOM |
||
| 100 |
_aGomes, Olivinho J.F. _927982 |
||
| 245 |
_aGoa / _cby Olivinho J.F.Gomes |
||
| 260 |
_bNational Book Trust _aNew Delhi _c2002 |
||
| 270 |
_aA-5, Green Park _bNew Delhi _e110016 |
||
| 300 |
_axxii,363p. : _c20cm(Hb) _bcol.ill. |
||
| 490 | _aIndia-the land and the people | ||
| 500 | _aIncludes bibliographical references and index | ||
| 650 |
_aGoa (State : India) -- History _927983 |
||
| 650 |
_aReligion and rituals of Goa _927984 |
||
| 942 |
_2ddc _cEN _h954.61 _mGOM |
||
| 999 |
_c129985 _d129985 |
||